000 01012nam a22002537a 4500
005 20170124102956.0
010 _aA-924557
020 _c150.00
_a8185830711
035 _aA-924557
037 _bCen Lib/Ret
040 _aDPL
_bHN
082 _a
_bश्रीकृष्णा
100 _aश्रीकृष्णा सरल
_943331
245 _aजय हिन्द /
_cश्रीकृष्णा सरल
246 _aJay hind /
_bby Shrikrishna Saral
260 _aदिल्ली
_bसत्यासहित्य प्रकाशन
_c1997
270 _a२०५-बी, चावडी बाज़ार
_bदिल्ली
_e110006
300 _a150पृ.
_c21सेमी (सजिल्द)
650 _aहिन्दी साहित्य
_953137
650 _aहिन्दी उपन्यास
_953138
650 _aHindi - literature
_953139
650 _aHindi novel
_953140
942 _2ddc
_cHN
_h
_mश्रीकृष्णा
999 _c113633
_d113633